[Event "1st Archibald 2019"]
[Site "Sochi"]
[Date "2019.05.13"]
[Round "2.1"]
[White "Raja Harshit"]
[Black "Kovalenko, Igor"]
[Result "0-1"]
[WhiteElo "2446"]
[BlackElo "2663"]
[Annotator "TA"]
[PlyCount "108"]
[EventDate "2019.05.12"]
[EventType "swiss"]
[EventCountry "RUS"]
[SourceTitle "playchess.com"]
[Source "ChessBase"]
[SourceQuality "1"]

{[%evp 10,108,21,10,25,19,16,30,30,19,19,22,25,14,16,18,17,27,17,22,20,0,10,9,12,14,31,0,17,21,25,25,19,-7,7,0,0,0,6,7,27,27,25,0,0,0,0,0,0,0,-4,-58,-54,-102,-102,-102,-102,-102,-105,-127,-66,-52,-44,-43,-29,-45,-29,-38,-31,-31,-31,-31,-31,-69,-69,-75,-67,-69,-55,-77,-77,-77,-65,-65,-58,-77,-77,-116,-120,-127,-120,-120,-118,-204,-204,-204,-204,-205,-212,-400,-400]} 1. e4 c6 2. Nf3 d5 3. Nc3 Bg4 4. h3 Bxf3 5. Qxf3 e6 6. Be2 Bc5 {B11: Caro-Kann: Two Knights Variation} 7. O-O Ne7 8. Na4 Bd6 {White has an edge.} 9. d4 Nd7 10. exd5 $146 ({Predecessor:} 10. Rd1 O-O 11. Nc3 Ng6 12. g3 Bc7 13. exd5 exd5 14. h4 {1-0 (41) Harikrishna,P (2733)-Tari,A (2578) Antalya 2017}) 10... exd5 11. c4 (11. Bd3 {is more complex.} Qa5 12. Nc3 O-O 13. Re1 Ng6 14. Be3) 11... O-O 12. Nc3 {[%cal Rc4d5]} dxc4 13. Bxc4 Nb6 14. Bb3 a5 15. Bg5 (15. a4 {with more complications.} Qd7 16. Rd1 Ned5 17. Ne4 Bb4 18. Bg5) 15... Qd7 16. Bxe7 Bxe7 17. d5 c5 18. d6 Bf6 19. Ne4 {[%cal Bc3e4,Be4g3,Bg3f5][%mdl 32]} Bd4 $1 20. a4 Rae8 21. Rfe1 h6 22. Bc2 Re6 23. Rad1 Kh8 24. Ng3 Rxd6 25. Nf5 Rf6 {Threatening ...g6.} 26. Qe4 {[%cal Rf5d4]} (26. Qg4 {is interesting.} Rg6 27. Qh4 Qc6 28. Be4 Qd7 29. Nxd4 Rd6 30. b3) 26... Qxf5 27. Qxf5 Rxf5 28. Bxf5 Nxa4 29. b3 Nc3 30. Rd3 ({White should play} 30. Rd2 $1 $11) 30... g6 $15 31. Bd7 Kg7 {Hoping for ...Rd8.} 32. Re8 Rxe8 33. Bxe8 $17 {[%mdl 4096] Endgame KRB-KBN} Kf8 34. Bd7 Ne4 ({Better is} 34... Ke7 $17 35. Bg4 b5) 35. Bc8 $1 $15 Nd6 ({But not} 35... Bxf2+ $6 36. Kf1 $11) 36. Bg4 $1 Ke7 37. Rd2 Kd8 38. Ra2 b6 39. Bf3 Nb5 40. Kf1 Kd7 41. g4 g5 42. Rc2 f6 43. Be2 Nd6 44. Bd3 Kc6 45. Ra2 Bc3 46. Rc2 Be5 47. Ra2 Kd5 48. Ra4 {[#]} Bc3 $1 49. Ke2 b5 50. Ra2 Kd4 51. Rc2 (51. Bc2 $17 {is a better defense.}) 51... c4 $19 52. bxc4 Nxc4 ({Not} 52... bxc4 53. Bg6 $15) 53. Rc1 a4 {Strongly threatening ...b4.} 54. Rd1 $2 {[#]} (54. Bh7) 54... Nb2 {Accuracy: White = 53%, Black = 75%.} 0-1

[Event "1st Archibald 2019"]
[Site "Sochi"]
[Date "2019.05.13"]
[Round "2.2"]
[White "Kovalchuk, Alexey"]
[Black "Alekseev, Evgeny"]
[Result "0-1"]
[WhiteElo "2410"]
[BlackElo "2647"]
[Annotator "TA"]
[PlyCount "42"]
[EventDate "2019.05.12"]
[EventType "swiss"]
[EventCountry "RUS"]
[SourceTitle "playchess.com"]
[Source "ChessBase"]
[SourceQuality "1"]

{[%evp 13,50,-4,0,-9,-9,-2,-9,-18,2,4,-4,-14,-5,-12,10,-44,-42,-96,-97,-115,-118,-99,-97,-160,-171,-237,-243,-235,-220,-214,-195,-307,-314,-396,-407,-399,-391,-462,-433]} 1. d4 Nf6 2. c4 e6 3. Nc3 Bb4 4. g3 O-O 5. Bg2 d5 6. Nf3 dxc4 7. O-O Nc6 8. Qa4 {E20: Nimzo-Indian: 4 g3 and 4 f3} Nd5 9. Qc2 Be7 10. Rd1 {The position is equal.} Rb8 (10... Ncb4 $5 {[%cal Rb4c2]} 11. Qb1 Nb6 $11) (10... Ncb4 11. Qd2 c5 12. dxc5 Nxc3 13. bxc3 Nc6 14. Qc2 Qa5 15. Ng5 Bxg5 16. Bxg5 Qxc5 {½-½ (44) Cheparinov,I (2709)-Gelfand,B (2673) St Petersburg 2018}) 11. e4 Ndb4 12. Qe2 Nd3 $36 {[%mdl 2048] Black has good play.} 13. Be3 $1 b5 14. d5 (14. b3 $11) 14... exd5 $15 15. Nxd5 ({White should play} 15. exd5 $15 Na5 16. Bxa7) 15... Bg4 $17 {[#]} 16. h3 $146 {[#]} Bxf3 $1 17. Bxf3 Bf6 18. Nxf6+ (18. Rab1 $142) 18... Qxf6 19. e5 (19. Rd2 {might work better.}) 19... Ncxe5 $19 20. Be4 Rfe8 21. b3 {[#]} a6 {Played: Nd3-b2} 0-1

[Event "1st Archibald 2019"]
[Site "Sochi"]
[Date "2019.05.13"]
[Round "2.3"]
[White "Gochelashvili, David"]
[Black "Esipenko, Andrey"]
[Result "0-1"]
[WhiteElo "2392"]
[BlackElo "2620"]
[Annotator "TA"]
[PlyCount "64"]
[EventDate "2019.05.12"]
[EventType "swiss"]
[EventCountry "RUS"]
[SourceTitle "playchess.com"]
[Source "ChessBase"]
[SourceQuality "1"]

{[%evp 12,64,0,0,3,0,14,0,7,0,3,0,0,-9,0,-18,-16,-22,-20,-26,-14,-12,-8,-73,-73,-121,-69,-162,-159,-164,-149,-164,-170,-155,-132,-151,-154,-166,-162,-183,-156,-177,-166,-202,-192,-234,-200,-214,-199,-349,-338,-391,-407,-713,-696]} 1. Nf3 d5 2. c4 c6 3. b3 Bf5 4. Bb2 e6 5. e3 Nf6 6. Be2 h6 7. O-O Nbd7 {A12: English Opening: 1...c6 with b3 by White} 8. d3 (8. Nc3 Be7 9. d4 O-O 10. a3 a5 11. c5 Ne4 12. b4 b5 13. Nd2 Nxd2 14. Qxd2 Qc7 15. f4 Nf6 16. Bf3 axb4 17. axb4 Rxa1 18. Rxa1 {½-½ (31) Vachier Lagrave,M (2780)-Dreev,A (2649) chess.com INT 2018}) 8... Bh7 9. Nbd2 Be7 {The position is equal.} 10. a3 a5 11. cxd5 $146 ({Predecessor:} 11. Bc3 Nc5 12. Ne5 dxc4 13. Ndxc4 {½-½ (35) Nyback,T (2448)-Kallio,H (2522) Bermuda 2002}) 11... exd5 12. Qc2 O-O 13. Rfe1 Re8 14. Nd4 Qb6 15. Bf1 Bd6 16. g3 Ne5 {[%cal Bd7e5,Be5f3,Bf3e1][%mdl 32]} 17. N2f3 {[#]} (17. N4f3 $11 {keeps the balance.}) 17... Nfd7 $1 $36 {[%mdl 2048] Threatens to win with ...c5. Black is really pushing.} 18. Nh4 c5 (18... Be7 $17 {aiming for ...Bxh4.} 19. f4 Bxh4 20. gxh4 Ng4) 19. Ndf5 (19. Ndf3 $1 $15) 19... Bxf5 $1 $19 20. Nxf5 Nf3+ {[%mdl 64] Double Attack} 21. Kh1 Nxe1 22. Rxe1 Be5 23. d4 cxd4 24. exd4 Bf6 25. Rd1 Qc6 26. Qd2 Bg5 27. f4 Be7 28. Rc1 Qb6 29. Qd3 Bf8 30. Qb5 (30. Ne3 $142) 30... Qe6 31. Bd3 Nf6 32. Bc3 (32. Nh4 $142) 32... Ne4 {Accuracy: White = 21%, Black = 78%.} 0-1

[Event "1st Archibald 2019"]
[Site "Sochi"]
[Date "2019.05.13"]
[Round "2.4"]
[White "Khalifman, Alexander"]
[Black "Lugovskoy, Maxim"]
[Result "1/2-1/2"]
[WhiteElo "2616"]
[BlackElo "2445"]
[Annotator "TA"]
[PlyCount "61"]
[EventDate "2019.05.12"]
[EventType "swiss"]
[EventCountry "RUS"]
[SourceTitle "playchess.com"]
[Source "ChessBase"]
[SourceQuality "1"]

{[%evp 18,61,20,6,28,18,20,33,35,42,35,32,57,50,51,64,58,8,43,36,36,5,5,0,0,5,2,0,0,0,5,0,5,0,0,0,0,0,0,0,6,5,5,5,6,5]} 1. d4 d5 2. c4 e6 3. Nf3 Nf6 4. g3 Be7 5. Bg2 O-O 6. O-O dxc4 7. Qc2 a6 8. Qxc4 b5 9. Qc2 Bb7 10. Bd2 Bd6 {E05: Open Catalan: 5 Nf3 Be7} (10... Be4 11. Qc1 c6 12. Rd1 Nbd7 13. Nc3 Bg6 14. a3 Rc8 15. b4 Nd5 16. Be1 Qc7 17. e3 h6 18. Qb2 N5b6 19. Qe2 {½-½ (31) Yu,Y (2751)-Giri,A (2797) Shenzhen 2019}) 11. Bg5 Nbd7 12. Nbd2 c5 {White is slightly better.} 13. Bxf6 $1 gxf6 14. Ne4 Bxe4 15. Qxe4 f5 $146 ({Predecessor:} 15... Rc8 16. Qh4 cxd4 17. Qxd4 Be5 18. Qd2 {1-0 (39) Velioniskis,R (1996)-Miknevicius,L (2071) Vilnius 2014}) 16. Qe3 Rc8 17. a4 Qf6 (17... cxd4 {looks sharper.} 18. Qxd4 Nc5 19. Rad1 Ne4 20. Qe3 Qf6) 18. axb5 axb5 19. Ra6 cxd4 {The position is equal.} 20. Qxd4 Qxd4 21. Nxd4 Be5 22. Nc6 {[#] Threatens to win with Ne7+.} Nb8 23. Nxb8 Rxb8 24. b3 b4 25. Rd1 Rfd8 26. Rxd8+ Rxd8 27. Ra8 Rxa8 28. Bxa8 Kg7 29. e3 Bc3 30. Bf3 Kf6 31. Kf1 {Accuracy: White = 66%, Black = 53%.} 1/2-1/2

[Event "1st Archibald 2019"]
[Site "Sochi"]
[Date "2019.05.13"]
[Round "2.5"]
[White "Pogosian, Manvel"]
[Black "Aleksandrov, Aleksej"]
[Result "0-1"]
[WhiteElo "2388"]
[BlackElo "2603"]
[Annotator "TA"]
[PlyCount "82"]
[EventDate "2019.05.12"]
[EventType "swiss"]
[EventCountry "RUS"]
[SourceTitle "playchess.com"]
[Source "ChessBase"]
[SourceQuality "1"]

{[%evp 24,87,28,27,25,20,28,18,22,25,50,64,52,0,0,0,0,0,0,0,6,12,8,11,4,4,52,-178,-179,-276,-225,-225,-225,-225,-225,-460,-455,-445,-430,-523,-497,-954,-831,-897,-814,-939,-893,-891,-888,-5097,-1516,-29983,-776,-1046,-1054,-2184,-630,-907,-904,-881,-731,-29981,-5840,-29998,-29999,-29999]} 1. d4 Nf6 2. c4 e6 3. Nf3 d5 4. g3 Be7 5. Bg2 O-O 6. O-O dxc4 7. Ne5 Nc6 8. Bxc6 bxc6 9. Nxc6 Qd7 10. Nxe7+ Qxe7 11. Qa4 e5 12. dxe5 Qxe5 13. Qxc4 Be6 {E05: Open Catalan: 5 Nf3 Be7} 14. Qd3 (14. Qc2 Bf5 15. Qd2 Bh3 16. Re1 Rad8 17. Qc3 Qd5 18. f3 Rfe8 19. Na3 Qb7 20. Nc2 Qa6 21. Be3 {1-0 (39) Meier,G (2628)-Dominguez Perez,L (2739) chess.com INT 2018}) 14... Rad8 15. Qe3 Qh5 {Hoping for ...Ng4!The position is equal.} 16. f3 Rfe8 $146 {Strongly threatening ...Bh3.} ({Predecessor:} 16... Bc4 17. Nc3 Rfe8 18. Qg5 {1-0 (39) Spiridonov,N (2368)-Song,J (2249) Noisy le Grand 2008}) 17. Qg5 Qh3 {...Bc4! is the strong threat.} 18. Nc3 (18. Qc5 $1 $14) 18... Bc4 $11 19. Be3 Nd5 {Threatens to win with ...f6.} 20. Bxa7 Nxc3 21. bxc3 Bxe2 {[#]} 22. Bd4 $1 {[%csl Gd4][%cal Rg5g7][%mdl 512]} f6 23. Bxf6 $1 {[%csl Gf6][%cal Rg5g7][%mdl 64] Double Attack} Rd7 24. Rf2 {Black must now prevent Re1.} h6 (24... Bxf3 $5 25. Bd4 (25. Rxf3 Re2 $11) 25... h6 $14) 25. Qf4 $2 (25. Qg6 $14 {was the only good move.} Re6 {[%mdl 64] Pin} 26. Rb1) 25... gxf6 $40 {[%mdl 128] Black has strong attack.} 26. Re1 (26. Qxf6 {was worth a try.} Rd6 27. Qf4) 26... Rd1 27. Rxd1 Bxd1 28. Qd2 Ba4 29. g4 $2 (29. Re2) 29... Bc6 30. Qd1 Kf7 31. Rf1 Kg7 32. Qd3 (32. Rf2 $142) 32... Re7 33. c4 h5 34. g5 fxg5 35. Qd4+ Kg6 36. Qh8 Re8 (36... Bxf3 $142 37. Qg8+ Rg7 38. Qe8+ Kh7) 37. Qb2 Qe6 (37... Bxf3 $142 38. Qc2+ Kh6 39. Rxf3 Re1+ 40. Kf2 Rf1+ 41. Ke3 Qxf3+ 42. Kd2 c5 43. h4 gxh4 44. Qb3 Rf2+ 45. Kc1 Qf4+ 46. Kb1 Qf5+ 47. Kc1 Qg5+ 48. Kb1 Qg1+ 49. Qd1 Qxd1#) 38. Qc2+ Qf5 39. Qc3 Qe5 (39... Qc5+ $142 40. Kh1 Re3 41. Qc2+ Kh6) 40. Qc2+ Kh6 41. Rf2 {[#]} Qc5 {Played: Qe5-d4} 0-1

[Event "1st Archibald 2019"]
[Site "Sochi"]
[Date "2019.05.13"]
[Round "2.6"]
[White "Bogdanovich, Stanislav"]
[Black "Oganian, Miran"]
[Result "1-0"]
[WhiteElo "2581"]
[BlackElo "2415"]
[Annotator "TA"]
[PlyCount "171"]
[EventDate "2019.05.12"]
[EventType "swiss"]
[EventCountry "RUS"]
[SourceTitle "playchess.com"]
[Source "ChessBase"]
[SourceQuality "1"]

{[%evp 17,171,47,46,52,52,52,51,37,41,50,46,21,35,31,49,43,46,39,57,56,125,116,123,114,131,122,130,130,130,130,130,127,143,130,134,130,130,130,130,123,110,124,117,121,116,112,128,120,129,128,118,122,185,144,160,98,100,75,118,118,121,115,185,185,185,24,33,8,8,8,118,118,185,185,185,185,189,189,189,189,289,289,287,226,29946,29939,29939,29951,29942,29953,29950,29954,29952,287,288,287,226,226,233,226,226,226,289,285,289,289,289,289,29953,29947,29955,29941,29958,226,4059,226,226,226,29962,29962,29961,29962,29963,29959,29964,29964,29965,29966,29960,5081,29967,29968,29961,29965,29973,6432,29976,29977,29977,29978,29979,29979,29979,29980,29979,29981,29985,29986,29986,29987,29987,29988,29988,29989,29989,29990]} 1. e4 c5 2. Nf3 Nc6 3. d4 cxd4 4. Nxd4 e5 5. Nb5 a6 6. Nd6+ Bxd6 7. Qxd6 Qe7 8. Qd1 Nf6 9. Nc3 d6 10. Bg5 {B32: Sicilian: Löwenthal and Kalashnikov Variations} Be6 11. Nd5 Bxd5 12. exd5 {White is slightly better.} Nb8 13. a4 (13. Qf3 Nbd7 14. O-O-O h6 15. Be3 h5 16. h3 O-O-O 17. Ba7 Nc5 {1-0 (80) Yu,Y (2759)-Li,C (2725) Ningbo 2018}) 13... Nbd7 14. a5 O-O 15. Be2 h6 16. Be3 Nh7 17. O-O f5 18. f3 {[#]} g5 $146 (18... Ng5 $14) ({Predecessor:} 18... Ng5 19. Bf2 {½-½ (19) Vasiesiu,D (2376)-Pavlov,S (2502) Corund 2017}) 19. c4 $1 $16 f4 20. Bf2 $1 Rf7 21. Rc1 Rg7 22. c5 Nxc5 23. Bxc5 dxc5 24. d6 Qf6 25. Rxc5 {aiming for Bxa6!} Rd8 26. Qd5+ Kh8 27. Rd1 ({Much worse is} 27. Qxe5 $6 Qxe5 28. Rxe5 Rxd6 $11) 27... Rgd7 {[%cal Rd7d6]} 28. Qxe5 Qxe5 29. Rxe5 Nf6 30. h4 Rxd6 31. Rxd6 Rxd6 32. hxg5 hxg5 33. Rxg5 {[%mdl 4096] Endgame KRB-KRN} Rd2 34. Kf1 Nd5 (34... Rxb2 $16 {keeps fighting.} 35. Rf5 Kg7) 35. Ke1 $18 Rd4 36. Rg6 ({White should try} 36. Re5) 36... Ra4 $16 37. Kf2 Rxa5 38. Rg5 {Hoping for Bc4.} b6 39. Bxa6 Ne3 (39... Nb4 $16 40. Rxa5 bxa5) 40. Rxa5 $18 bxa5 {KB-KN} 41. b3 $2 (41. Be2 $1 $18) 41... Nf5 $1 $11 42. Ke1 Kg7 43. Kd2 Kf6 (43... Nh4 $1 $11 {keeps the balance.}) 44. Kd3 $1 $16 Ke5 (44... Nh4 $16 {might work better.}) 45. Kc4 $18 Kd6 46. Bb7 Kc7 47. Be4 Ne3+ 48. Kb5 Nxg2 (48... a4 {was necessary.}) 49. Kxa5 Ne3 50. Kb5 Nf1 $2 (50... Kd6 $18 51. b4 Nd1) 51. Kc5 Nd2 52. Bd5 Nf1 53. b4 Ne3 54. Be4 Ng2 55. Bd3 $2 (55. Bc6 Nh4 56. b5 Nf5 57. Be4 Nh4 58. b6+ Kc8 59. Kd4 Kb8 60. Ke5) 55... Ne1 56. Be2 $1 Kb7 {[#]} 57. Kb5 $1 Kc7 58. Ka5 Nc2 {intending ...Nd4.} 59. Bd3 Nd4 60. Be4 Ne2 61. Kb5 Nc3+ 62. Kc4 Nd1 $2 (62... Ne2 $18 63. Kc5 Nc3) 63. Kc5 Ne3 64. Bd5 Ng2 65. Kb5 $2 (65. b5 {mates} Ne3 66. Bc6 Nf5 67. Be4 Nh4 68. Bd5 Ng2 69. b6+ Kb8 70. Bc6) 65... Ne3 $2 (65... Kd6 66. Bb7 Ne3) 66. Be4 $2 (66. Bb3 Nf5 67. Kc5) 66... Ng2 67. Ka6 Kb8 $2 (67... Ne3 $18 68. Ba8 Nc4) 68. Kb6 Ne3 69. Kc6 Ng2 70. Kd6 Ne3 71. Ke5 Ng2 72. Bf5 Kc7 73. Bh3 (73. b5 $142 Kb6 74. Bd7 Kc5 75. Ke4 Kb6 76. Bh3 Ne1 77. Bf1 (77. Kxf4 Kxb5 78. Kg5 Nxf3+ 79. Kh6 Nh4 $11) 77... Kc5 78. Kxf4) 73... Ne3 {[#]} 74. b5 $1 Nc4+ 75. Kxf4 Kd6 76. Bf1 (76. Kg5 $142 Kc5 77. f4 Ne3 78. Bd7 Kd6 79. Bc6 Ke6 80. b6 Kd6 81. b7) 76... Nb6 77. Kg5 {White mates.} Ke7 78. f4 Nd5 79. Bg2 Nb6 80. Kg6 Nc4 81. f5 Nb6 82. Kg7 Nd7 {[#]} 83. b6 $1 {[%mdl 64] Deflection} Nxb6 84. f6+ Kd6 85. f7 Nd7 86. Bh3 {Accuracy: White = 70%, Black = 38%.} 1-0

[Event "1st Archibald 2019"]
[Site "Sochi"]
[Date "2019.05.13"]
[Round "2.7"]
[White "Martinovici, Ilie"]
[Black "Volkov, Sergey"]
[Result "0-1"]
[WhiteElo "2367"]
[BlackElo "2572"]
[Annotator "TA"]
[PlyCount "66"]
[EventDate "2019.05.12"]
[EventType "swiss"]
[EventCountry "RUS"]
[SourceTitle "playchess.com"]
[Source "ChessBase"]
[SourceQuality "1"]

{[%evp 9,66,0,23,19,18,2,5,-18,-14,-10,-1,-10,-12,-12,-8,-11,-16,-40,-37,-70,-70,-138,-112,-140,-139,-137,-131,-143,-118,-125,-128,-131,-130,-180,-172,-169,-133,-144,-139,-283,-285,-316,-331,-327,-319,-321,-316,-551,-541,-493,-334,-536,-414,-425,-398,-582,-589,-683,-662]} 1. d4 d5 2. c4 c6 3. Nf3 Nf6 4. Qc2 g6 5. Bf4 dxc4 (5... Bg7 6. e3 O-O 7. cxd5 Bf5 8. Qb3 Bxb1 9. Rxb1 Qa5+ 10. Nd2 Nxd5 11. Bg3 e5 12. dxe5 Nd7 13. Qa3 Qxa3 14. bxa3 b5 {0-1 (57) Romanov,E (2611)-Saric,I (2689) Biograd 2018}) 6. Qxc4 {D11: Slav Defence: 3 Nf3 sidelines and 3...Nf6 4 e3 Bg4} Be6 7. Qc1 Bd5 $146 ({Predecessor:} 7... Nbd7 8. Nc3 Nd5 9. Bd2 Nxc3 10. Bxc3 Bd5 11. Nd2 f5 12. f3 Bh6 13. Qc2 {0-1 (36) Kunin,V (2582)-Tikkanen,H (2535) Vaxjo 2016}) 8. Nbd2 {The position is equal.} Nbd7 9. Qc2 Qa5 10. a3 c5 11. dxc5 Qxc5 12. Qxc5 Nxc5 13. e3 Bg7 14. Bb5+ Nfd7 15. O-O-O (15. e4 $15 Bc6 16. Bxc6 Nd3+ 17. Kf1 bxc6 18. Be3) 15... a6 16. Bxd7+ Nxd7 17. e4 {[#]} Ba2 $1 18. Nb1 Rc8+ {[#]} 19. Nc3 $1 {[%mdl 512]} Bxc3 20. bxc3 Nc5 21. Be5 f6 $36 {[%mdl 2048] Black is really pushing.} 22. Bd4 Bb3 23. Rdg1 Nxe4 {[%mdl 64] Discovered Attack} 24. Re1 (24. Nd2 $17 Nxd2 25. Kxd2) 24... Bd5 $19 25. Ng5 Nxc3 ({Less strong is} 25... fxg5 26. Rxe4 Bxe4 27. Bxh8 $17) 26. Kd2 Nb5 {[%mdl 64] Double Attack} ({Not} 26... fxg5 27. Bxh8 Ne4+ 28. Ke3 $11) (26... Bxg2 27. Rhg1 $19) 27. Bxf6 O-O 28. Bxe7 $2 (28. Nxh7 Rf7 29. Rxe7 Rxh7 30. Rc1 Rxc1 31. Kxc1 Rxe7 32. Bxe7) 28... Rxf2+ 29. Ke3 Rxg2 {And now ...Rc3+ would win.} ({Weaker is} 29... Rcc2 30. Ne4 $19) 30. Rhf1 $2 (30. Ne4 Bxe4 31. Kxe4) 30... Rxh2 31. a4 Nc3 32. Kd4 (32. Rf2 {is a better defense.} Rxf2 33. Kxf2) 32... Rd2+ 33. Ke5 Re8 {Accuracy: White = 23%, Black = 85%.} 0-1

[Event "1st Archibald 2019"]
[Site "Sochi"]
[Date "2019.05.13"]
[Round "2.8"]
[White "Gareyev, Timur"]
[Black "Eraschenkov, Denis"]
[Result "1-0"]
[WhiteElo "2570"]
[BlackElo "2391"]
[Annotator "TA"]
[PlyCount "69"]
[EventDate "2019.05.12"]
[EventType "swiss"]
[EventCountry "RUS"]
[SourceTitle "playchess.com"]
[Source "ChessBase"]
[SourceQuality "1"]

{[%evp 9,87,19,37,32,30,27,18,16,52,43,54,42,44,39,45,51,55,56,71,72,77,62,70,0,0,0,11,9,52,0,31,34,48,-85,35,50,75,90,77,88,85,74,81,65,87,53,73,54,44,62,200,88,260,226,236,220,233,119,126,121,130,129,123,123,134,109,127,105,255,251,250,264,264,256,274,271,261,249,387,377]} 1. d4 Nf6 2. c4 g6 3. Nc3 Bg7 4. e4 O-O 5. Bg5 c6 6. Bd3 {E70: King's Indian: Miscellaneous lines with 4 e4, including 5 Nge2 and 5 Bd3 0-0 6 Nge2} d5 7. cxd5 cxd5 8. e5 {The position is equal.} Ne8 9. Be3 Nc6 10. f4 f6 11. Nge2 (11. Nf3 Bh6 12. O-O Ng7 13. Qb3 fxe5 14. Nxe5 Be6 15. Rad1 Qb6 16. Qxb6 axb6 {1-0 (79) Stupak,K (2583)-Askarov,B (2428) Almaty 2018}) 11... fxe5 12. fxe5 Nc7 13. Qd2 Bf5 14. Bxf5 $146 ({Predecessor:} 14. O-O Bxd3 15. Qxd3 {1-0 (72) Neto,H (2457)-Krecak,Z (2422) ICCF email 2000}) 14... Rxf5 15. h4 Qd7 16. Ng3 (16. O-O-O $14) 16... Rf7 $1 $11 17. h5 Qg4 18. Nce2 gxh5 19. Nxh5 ({White should play} 19. Rxh5 $14 Ne6 20. Qd3) 19... Ne6 20. O-O-O Raf8 21. Qd3 {[#]} (21. Nxg7 Nxg7 22. Rh3 Nf5 $15) (21. Nhg3 $14 {stays ahead.}) 21... Ng5 (21... Nb4 22. Qxh7+ $1 {[%mdl 512]} Kxh7 23. Nf6+ Kg6 24. Nxg4 $16) (21... Bxe5 $1 $17 {[%mdl 512]} 22. a3 (22. dxe5 Nb4 $17 {[%mdl 64] Double Attack}) 22... Bc7) 22. Nc3 ({Reject} 22. Nxg7 Nb4 $17) 22... e6 23. Qe2 ({Much weaker is} 23. Nxg7 Rxg7 24. a3 Ne7 $15) 23... Qxe2 24. Nxe2 Ne4 {[#]} 25. Nhf4 $1 Re8 26. Rh3 Bf8 27. Rdh1 Na5 28. b3 Be7 29. Ng3 {Threatens to win with Nxe4.} Ng5 {[#]} (29... Nf2 $14) 30. Rh6 (30. Rh4 $1 $18 {and the rest is easy.}) 30... Bf8 $2 (30... Rc8+ $16 {is a better defense.} 31. Kd1 Rc3) 31. R6h5 Ne4 32. Nxe4 dxe4 33. Rg5+ ({Only move:} 33. d5 $18) 33... Rg7 $16 34. Nh5 {Nf6+ is the strong threat.} Rxg5 35. Bxg5 {Played: Nh5-f6} 1-0

[Event "1st Archibald 2019"]
[Site "Sochi"]
[Date "2019.05.13"]
[Round "2.8"]
[White "Gareyev, Timur"]
[Black "Eraschenkov, Denis"]
[Result "*"]
[WhiteElo "2570"]
[BlackElo "2391"]
[Annotator "TA"]
[PlyCount "34"]
[EventDate "2019.05.12"]
[EventType "swiss"]
[EventCountry "RUS"]
[SourceTitle "playchess.com"]
[Source "ChessBase"]
[SourceQuality "1"]

{[%evp 9,34,10,19,18,25,22,18,26,44,37,35,37,36,47,60,54,53,58,84,79,895,520,727,169,691,237,989]} 1. d4 Nf6 2. c4 g6 3. Nc3 Bg7 4. e4 O-O 5. Bg5 c6 6. Bd3 {E70: King's Indian: Miscellaneous lines with 4 e4, including 5 Nge2 and 5 Bd3 0-0 6 Nge2} d5 7. cxd5 cxd5 8. e5 {The position is equal.} Ne8 9. Be3 Nc6 10. f4 f6 11. Nge2 (11. Nf3 Bh6 12. O-O Ng7 13. Qb3 fxe5 14. Nxe5 Be6 15. Rad1 Qb6 16. Qxb6 axb6 {1-0 (79) Stupak,K (2583)-Askarov,B (2428) Almaty 2018}) 11... fxe5 12. fxe5 Nc7 13. Qd2 Bf5 {[#]} 14. Bxf5 $146 ({Predecessor:} 14. O-O Bxd3 15. Qxd3 {1-0 (72) Neto,H (2457)-Krecak,Z (2422) ICCF email 2000}) 14... Rf6 $2 {[%mdl 8192]} (14... Rxf5 $16 15. O-O-O Qd7) 15. Be4 Rf5 16. h4 $2 (16. Bxf5 gxf5 17. O-O) 16... Qd7 $2 (16... dxe4 17. Ng3 (17. Nxe4 Nd5 $14) 17... Rf8) 17. h5 $2 (17. Bxf5 gxf5 18. h5) 17... Rf7 $2 {Accuracy: White = 61%, Black = 20%.} (17... dxe4 18. hxg6 (18. Nxe4 Rxh5 19. Rxh5 gxh5 $14) 18... hxg6) *